All The Secret Of Us (Deluxe) Songs - Gracie Abrams - Statistics

General Stats
  • This quiz has been taken 86 times
  • The average score is 15 of 17
Answer Stats
# Song % Correct
15 That's So True
100%
2 Risk
96%
4 I Love You, I'm Sorry
93%
5 us. (feat. Taylor Swift)
93%
13 Close To You
92%
14 Cool
92%
6 Let It Happen
91%
7 Tough Love
91%
3 Blowing Smoke
89%
11 Good Luck Charlie
89%
16 I Told You Things
88%
12 Free Now
87%
17 Packing It Up
87%
1 Felt Good About You
85%
8 I Knew It, I Know You
84%
9 Gave You I Gave You I
83%
10 Normal Thing
80%
No matching quizzes found
Score Distribution
Percent of People with Each Score
Percentile by Number Answered
Your Score History
You have not taken this quiz